MARC

LEADER 00000nas a2200000 a 4500
001 ssj0005297
003 WaSeSS
005 20200512172242.0
006 m d
007 cr n
008 010110c19929999enkqr pss 0 0eng c
010 |a  2007252075 
022 |a 1465-7317  |l 0940-7391  |y 0940-7391 
035 |a (WaSeSS)ssj0005297 
037 |b Oxford University Press, Great Clarendon Street, Oxford, OX2 6DP, England 
040 |a MTH  |b eng  |c MTH  |d OCLCQ  |d F#A  |d OCLCQ  |d WAU  |d OCLCQ  |d RUQBL  |d OCLCQ  |d OCLCF  |d OCLCQ  |d RCE  |d VT2  |d WaSeSS 
042 |a pcc 
050 1 4 |a CC135 
082 0 4 |a 363.69 
130 0 |a International journal of cultural property (Online) 
245 1 0 |a International journal of cultural property  |h [electronic resource]. 
246 1 3 |a Cultural property 
246 1 3 |a IJCP 
260 |a Oxford, UK :  |b Oxford University Press 
310 |a Quarterly,  |b 2005- 
321 |a Two no. a year,  |b 1992-2002 
362 0 |a Vol. 1, issue 1 (1992)- 
500 |a Title from journal information screen (Cambridge Journals, viewed Jul. 25, 2007). 
506 |a License restrictions may limit access. 
515 |a Publication suspended 2003-2004. 
538 |a Mode of access: World Wide Web. 
550 |a Published for the International Cultural Property Society. 
588 |a Latest issue consulted: Vol. 14, issue 1 (2007) (viewed Jul. 31, 2007). 
650 0 |a Cultural property  |x Protection  |v Periodicals. 
650 0 |a Cultural property  |x Protection  |x Law and legislation  |v Periodicals. 
650 0 |a Cultural property  |x Protection (International law)  |v Periodicals. 
650 0 |a Cultural policy  |v Periodicals. 
650 6 |a Biens culturels  |x Protection  |v Périodiques. 
650 6 |a Biens culturels  |x Protection  |x Droit  |v Périodiques. 
650 6 |a Biens culturels  |x Protection  |x Droit international  |v Périodiques. 
650 6 |a Politique culturelle  |v Périodiques. 
650 7 |a Cultural policy.  |2 fast  |0 (OCoLC)fst00885007 
650 7 |a Cultural property  |x Protection.  |2 fast  |0 (OCoLC)fst00885019 
650 7 |a Cultural property  |x Protection (International law)  |2 fast  |0 (OCoLC)fst00885045 
650 7 |a Cultural property  |x Protection  |x Law and legislation.  |2 fast  |0 (OCoLC)fst00885028 
655 0 |a Electronic journals. 
710 2 |a International Cultural Property Society. 
776 1 |t International journal of cultural property  |w (DLC) 92642630  |w (OCoLC)25724320 
856 4 0 |z Full text available from Research Library: 01/01/2001 to 12/31/2002  |u https://search.proquest.com/publication/26494 
856 4 0 |z Full text available from Research Library: 01/01/2005 to 1 year ago  |u https://search.proquest.com/publication/26494